Supplement to the standard form of building contract 1998 edition. Private and local authorities versions. Sectional completion supplement. Without quantities and practice note 1a. Modifications to the standard form for use where the works are to be completed by phased sections. (Record no. 99641)

MARC details
000 -LEADER
fixed length control field 00739cam a2200181 4500
001 - CONTROL NUMBER
control field J100523
008 - FIXED-LENGTH DATA ELEMENTS--GENERAL INFORMATION
fixed length control field 000000n1998 000 0 eng u
035 ## - SYSTEM CONTROL NUMBER
System control number (Sirsi) u100199
041 ## - LANGUAGE CODE
Language code of text/sound track or separate title ENG
050 ## - LIBRARY OF CONGRESS CALL NUMBER
Classification number 692.8
110 ## - MAIN ENTRY--CORPORATE NAME
Corporate name or jurisdiction name as entry element Joint Contracts Tribunal
9 (RLIN) 3664
245 ## - TITLE STATEMENT
Title Supplement to the standard form of building contract 1998 edition. Private and local authorities versions. Sectional completion supplement. Without quantities and practice note 1a. Modifications to the standard form for use where the works are to be completed by phased sections.
260 ## - PUBLICATION, DISTRIBUTION, ETC.
Place of publication, distribution, etc. London
Name of publisher, distributor, etc. RIBA Publications
Date of publication, distribution, etc. 1998
300 ## - PHYSICAL DESCRIPTION
Extent unpaginated ; 30cm.
650 ## - SUBJECT ADDED ENTRY--TOPICAL TERM
Topical term or geographic name entry element JCT STANDARD FORM OF BUILDING CONTRACT 1998
690 ## - LOCAL SUBJECT ADDED ENTRY--TOPICAL TERM (OCLC, RLIN)
Topical term or geographic name as entry element Contracts
9 (RLIN) 6232
942 ## - ADDED ENTRY ELEMENTS (KOHA)
Suppress in OPAC 0
Holdings
Withdrawn status Lost status Source of classification or shelving scheme Damaged status Not for loan Home library Current library Shelving location Date acquired Total Checkouts Full call number Barcode Date last seen Copy number Price effective from Koha item type
    Dewey Decimal Classification     London London Boxed set 01/10/1999   JCT 1998/23 30058911 06/08/2019 1 06/08/2019 Reference material